Oil 1 : (Record no. 19661)

MARC details
000 -LEADER
fixed length control field 01023cam a22003135i 4500
001 - CONTROL NUMBER
control field 13550131
003 - CONTROL NUMBER IDENTIFIER
control field EG-ScBUE
005 - DATE AND TIME OF LATEST TRANSACTION
control field 20230117120316.0
008 - FIXED-LENGTH DATA ELEMENTS--GENERAL INFORMATION
fixed length control field 040407t2003 cauc f 000 0 eng d
020 ## - INTERNATIONAL STANDARD BOOK NUMBER
International Standard Book Number 1560104546
020 ## - INTERNATIONAL STANDARD BOOK NUMBER
International Standard Book Number 9781560104544
040 ## - CATALOGING SOURCE
Original cataloging agency DLC
Language of cataloging eng
Description conventions rda
Transcribing agency DLC
Modifying agency DLC
-- EG-ScBUE
-- EG-ScBUE
082 04 - DEWEY DECIMAL CLASSIFICATION NUMBER
Classification number 751.45
Item number MOO
Edition number 22
100 1# - MAIN ENTRY--PERSONAL NAME
Personal name Moore, Robert,
Dates associated with a name 1957-
Relator term author.
9 (RLIN) 39407
245 10 - TITLE STATEMENT
Title Oil 1 :
Remainder of title learn the basics of oil painting /
Statement of responsibility, etc by Robert Moore.
246 3# - VARYING FORM OF TITLE
Title proper/short title Oil one :
Remainder of title learn the basics of oil painting
264 #1 - PUBLICATION, DISTRIBUTION, ETC. (IMPRINT)
Place of publication, distribution, etc Irvine :
Name of publisher, distributor, etc Walter Foster Publishing,
Date of publication, distribution, etc [2003]
264 #4 - PUBLICATION, DISTRIBUTION, ETC. (IMPRINT)
Date of publication, distribution, etc c2003
300 ## - PHYSICAL DESCRIPTION
Extent 31 pages :
Other physical details illustrations (some color) ;
Dimensions 35 cm.
336 ## - CONTENT TYPE
Source rdacontent
Content type term text
Content type code txt
337 ## - MEDIA TYPE
Source rdamedia
Media type term unmediated
Media type code n
338 ## - CARRIER TYPE
Source rdacarrier
Carrier type term volume
Carrier type code nc
490 0# - SERIES STATEMENT
Series statement Oil & acrylic.
-- How to draw and paint series ;
Volume number/sequential designation HT264
650 #7 - SUBJECT ADDED ENTRY--TOPICAL TERM
Topical term or geographic name as entry element Painting
General subdivision Technique.
Source of heading or term BUEsh
651 ## - SUBJECT ADDED ENTRY--GEOGRAPHIC NAME
Source of heading or term BUEsh
653 ## - INDEX TERM--UNCONTROLLED
Resource For college Communication and mass media
Arrived date list June2015
-- February2016
655 ## - INDEX TERM--GENRE/FORM
Form subdivision Reading book
942 ## - ADDED ENTRY ELEMENTS (KOHA)
Source of classification or shelving scheme Dewey Decimal Classification
Koha item type Book - Borrowing
Holdings
Withdrawn status Lost status Source of classification or shelving scheme Damaged status Not for loan Collection code Home library Current library Shelving location Date acquired Source of acquisition Cost, normal purchase price Serial Enumeration / chronology Total Checkouts Total Renewals Full call number Barcode Date last seen Date checked out Cost, replacement price Koha item type
    Dewey Decimal Classification     Alahram Central Library Central Library Second Floor 15/06/2015 Purchase 74.00 434 1 2 751.45 MOO 000038734 15/07/2025 24/02/2022 92.50 Book - Borrowing